Ankara Halkevi bir yıl içinde 384793 yurddaşı çatısı altında topladı (Record no. 7276)

MARC details
000 -BAŞLIK
Sabit Uzunlukta Kontrol Alanı 00894na a2200265 4500
001 - KONTROL NUMARASI
Denetim Alanı 22075
003 - KONTROL NUMARASI IDENTIFIER
Denetim Alanı MIRAKIL
005 - SON İŞLEM TARİHİ VE ZAMANI
Denetim Alanı 20181213155133.0
008 - SABİT-BOY VERİ ELEMANLARI - GENEL BİLGİLER
Sabit Uzunlukta Kontrol Alanı 170213b tu 000 0
040 ## - KATALOGLAMA KAYNAK
Orijinal Kataloglama Ajansı Milas
Kataloglama Dili tur
Metne Dönüştürmek Ajansı TR-AnCHP
041 ## - DİL KODU
Metin / Ses Parça Veya Ayrı Başlığın Dil Kodu tur
082 ## - DEWEY ONLU SINIFLANDIRMA NUMARASI
Sınıflandırma Numarası Halkevleri 366
Ürün Numarası A54a 1938
090 ## - SINIFLAMA NUMARASI
Sınıflama Numarası Halkevleri 366 A54a 1938
110 ## - ANA GİRİŞ - KURUMSAL ADI
Giriş Elemanı Olarak Kurumsal Ad Veya Yargı Alanı Adı Ankara Halkevi
245 ## - BAŞLIK TABLOSU
Başlık Ankara Halkevi bir yıl içinde 384793 yurddaşı çatısı altında topladı
Başlığın Kalan 1936-1937
Sorumluluk Tablosu, Vb Ankara Halkevi
246 ## - UNVAN FORM VARYING
Başlık Doğru / Kısa Başlığı Ankara Halkevi 1936-1937 çalışmaları
260 ## - YAYIN, DAĞITIM, VB
Yayın, Dağıtım, Vb Yeri Ankara
Yayıncı, Dağıtıcı, Vs Adı [yayl.y.]
Yayın, Dağıtım, Vb Tarihi 1938
Üretici Firma Alaeddin Kıral Basımevi
300 ## - FİZİKSEL TANIM
Kapsam 65 s.
Diğer Fiziksel Ayrıntıları fotğ.; grf.
Boyutlar 23 sm.
610 ## - KONU KATMA GİRİŞ - TOPLANTI ADI
Giriş Elemanı Olarak Kurumsal Ad Veya Yargı Alanı Adı Ankara Halkevi
Coğrafi Alt Bölüm Çalışmalar, 1936-37
610 ## - KONU KATMA GİRİŞ - TOPLANTI ADI
Giriş Elemanı Olarak Kurumsal Ad Veya Yargı Alanı Adı CHP
Genel Alt Bölüm Halkevleri
Coğrafi Alt Bölüm Ankara
610 ## - KONU KATMA GİRİŞ - TOPLANTI ADI
Giriş Elemanı Olarak Kurumsal Ad Veya Yargı Alanı Adı Ankara Halkevi
Genel Alt Bölüm Etkinlikler
650 ## - KONU KATMA GİRİŞ - TOPİKAL DÖNEM
Topikal Süreli Veya Coğrafi Ad Giriş Elemanı Halkevleri
Genel Alt Bölümü Çalışmalar, 1936-37
Coğrafi Alt Bölümü Ankara
942 ## - EKLENDİ GİRİŞ ELEMANLARI (KOHA)
Sınıflandırma Veya Raf Düzeni Kaynak Dewey Decimal Classification
Koha Öğesi Türü Books
999 ## - SİSTEM KONTROL NUMARALARI (KOHA)
Koha Biblionumber 7276
Koha Biblioitemnumber 7276
Holdings
Kalıcı Konum Mevcut Konum Edinme Tarihi Edinim Kaynak Toplam Check-Out'Lar Tam Çağrı Numarası Barkod Tarih Son Görülme İtibaren Geçerli Fiyatlar Koha Öğesi Türü
CHP Kütüphanesi CHP Kütüphanesi 02/10/2017 Bağış   Halkevleri 366 A54a 1938 016003 02/10/2017 02/10/2017 Books